LDR 00843naa#a2200157#i#450# 001 RU\\bibl\19477 005 20260516045842.6 100 ## _a20260515b2026####ek#y0rusy0150####ca 102 ## _aRU 200 1# _aФОРМИРОВАНИЕ ПОПУЛЯЦИОННО-ГЕНЕТИЧЕСКОЙ СТРУКТУРЫ ЛЕСООБРАЗУЮЩИХ ВИДОВ _eСтатья/тезисы конференции 210 1# _aВоронеж _cВоронежский государственный лесотехнический университет имени Г.Ф. Морозова _d2026 215 ## _a8 с. 608 ## _aСтатья/тезисы конференции _2local 675 ## _aЛесное хозяйство. Лесоводство. 630 _aНаследственность. Наследование. 575.1 _z 700 #1 _aПадутов _gВ. Е. 856 4# _abibl.vgltu.ru _u